LEADER 00570nam a2200169 i 4500 001 000000244480 003 CaOOAMICUS 005 20150810000000.0 008 150810s1838 it u000 u fre u 013 $a223385 040 $aSeMil$bita 245 10$aTome 4. 300 $a780 p. 773 0 $aBourdaloue, Louis $tOeuvres de Bourdaloue.$dA Paris : Chez Lefèvre : Pourrat Frères, 1838.$g4$w()32395 850 $aSeMil 852 $aSeMil$W1$xVenegono$y1$m3F IV 224 FA$j194826$B194826$CSeMilBibl$Z2$F205490 $8I 996 $6245$aTome 4$9(OLS)http://semarc/title/1585 LEADER 01772nam a2200265 i 4500 001 000000029508 003 CaOOAMICUS 005 20220404112705.0 008 180830s1748 it u000 u grc u 040 $aSeMil$bita 041 1 $agrc$alat 100 0 $aIoannes : Damascenus,$c.$0(OLS)http://semarc/name/5743 245 10$aTou en agiois patros emon Ioannou tou Damaskenou, monachou, kai presbyterou Ierosolymon, ta euriskomena panta. Sancti patris nostri Joannis Damasceni, monachi, et presbyteri Hierosolymitani opera omnia quae exstant, et ejus nomine circumferuntur. Ex variis editionibus, et codicibus manu exaratis ... Opera & studio p. Michaelis Lequien ... Tomus 1. [-2.]. 250 $aEditio novissima veneta longe aliis accuratior. 260 $aVenetiis :$bTypis Gasparis Ghirardi,$c1748. 300 $a2 v. ;$cfol. 500 $aFregio xilogr. sui front. - Cors. ; gr. ; rom. - Fregi e iniz. xilogr. - Testo su due colonne. 700 1 $aLe Quien, Michel.$0(OLS)http://semarc/name/13468 700 1 $aGirardi, Gaspare,$c.$0(OLS)http://semarc/name/6726 700 1 $aAlbrizzi, Giovanni Battista,$c.$0(OLS)http://semarc/name/2080 774 0 $tTomus 1.$g1$w()227562 774 0 $tTomus 2.$g2$w()227563 996 $6245$aTou en agiois patros emon Ioannou tou Damaskenou, monachou, kai presbyterou Ierosolymon, ta euriskomena panta. Sancti patris nostri Joannis Damasceni, monachi, et presbyteri Hierosolymitani opera omnia quae exstant, et ejus nomine circumferuntur. Ex variis editionibus, et codicibus manu exaratis ... Opera & studio p. Michaelis Lequien ... Tomus 1. [-2.]$9(OLS)http://semarc/title/40092 996 $6260$aVenetiis :$bTypis Gasparis Ghirardi$9(OLS)http://semarc/publisher/38133